ՀՀ Գիտությունների ազգային ակադեմիայի հիմնարար գիտական գրադարան  =   Fundamental Scientific Library of NAS RA

Золотые крыланы и розовые голуби / (Record no. 240893)

MARC details
000 -LEADER
fixed length control field 00973nam a2200217 u 4500
001 - CONTROL NUMBER
control field 000660342
003 - CONTROL NUMBER IDENTIFIER
control field AM-YeHGA
005 - DATE AND TIME OF LATEST TRANSACTION
control field 20250617141545.0
008 - FIXED-LENGTH DATA ELEMENTS--GENERAL INFORMATION
fixed length control field 090522s1981 |||| |||||||||| | rus c
040 ## - CATALOGING SOURCE
Original cataloging agency AM-YeHGA
041 1# - LANGUAGE CODE
Language code of text/sound track or separate title rus
Language code of original eng
090 ## - LOCALLY ASSIGNED LC-TYPE CALL NUMBER (OCLC); LOCAL CALL NUMBER (RLIN)
-- 242471
100 1# - MAIN ENTRY--PERSONAL NAME
Personal name Даррелл, Джеральд
245 10 - TITLE STATEMENT
Title Золотые крыланы и розовые голуби /
Statement of responsibility, etc. Дж. Даррелл ; Пер. с англ. Л. Жданова ; Предисл. Н. Дроздова.
260 ## - PUBLICATION, DISTRIBUTION, ETC.
Place of publication, distribution, etc. Москва :
Name of publisher, distributor, etc. Мир,
Date of publication, distribution, etc. 1981.
300 ## - PHYSICAL DESCRIPTION
Extent 127 с. :
Other physical details ил. ;
Dimensions 20 см.
534 ## - ORIGINAL VERSION NOTE
Introductory phrase Оригинал на англ. :
Title statement of original Golden Bats and Pink Pigeons /
Main entry of original Gerald Durrell -
Publication, distribution, etc. of original London : Collins : 1977
650 14 - SUBJECT ADDED ENTRY--TOPICAL TERM
Topical term or geographic name entry element Образ жизни животных. Экология. Этология. Животное и окружающая среда (биономия)
700 1# - ADDED ENTRY--PERSONAL NAME
Personal name Жданов, Л.
Relator term пер.
Relationship trl
700 1# - ADDED ENTRY--PERSONAL NAME
Personal name Дроздов, Н.
Relator term предисл.
Relationship aui
Holdings
Withdrawn status Lost status Damaged status Not for loan Collection Home library Current library Date acquired Total checkouts Full call number Barcode Date last seen Price effective from Koha item type Public note
        General Fundamental Scientific Library Fundamental Scientific Library 29/12/2016   PII/462653 FL0313525 29/12/2016 29/12/2016 Գրքեր / Books 30 Days Loan


ՀՀ ԳԱԱ հիմնարար գիտական գրադարան
ՀՀ,Երևան 0019
Մարշալ Բաղրամյան 24/6
հեռախոս:(374-10) 52-47-50
Հետադարձ կապ

All site content, except where otherwise noted, is licensed under a
Creative Commons License